000
00396nam a22001697a 4500
003
MPLRDC
005
20220104145616.0
008
210129b ||||| |||| 00| 0 eng d
082
_a
870.8 AJL
100
_a
阿捷里.库图依等著
245
_a
没有寄出的信
_c
250
_a
初版
260
_a
_b
香港上海书局
_c
1961
300
_b
平
650
_a
942
_c
BK
_o
870.8 AJL
999
_c
51414
_d
51404